2014 36th annual international conference of the ieee engineering in medicine and biology society (embc 2014). (Record no. 15883)
[ view plain ]
| 000 -LEADER | |
|---|---|
| fixed length control field | 00371cam a22001215a 4500 |
| 020 ## - INTERNATIONAL STANDARD BOOK NUMBER | |
| ISBN | 1424479274 |
| 020 ## - INTERNATIONAL STANDARD BOOK NUMBER | |
| ISBN | 9781424479276 |
| 040 ## - CATALOGING SOURCE | |
| Transcribing agency | DLC |
| 082 ## - DEWEY DECIMAL CLASSIFICATION NUMBER | |
| Classification number | 793 LEE 2014 A088 Or. |
| 245 00 - TITLE STATEMENT | |
| Title | 2014 36th annual international conference of the ieee engineering in medicine and biology society (embc 2014). |
| 260 ## - PUBLICATION, DISTRIBUTION, ETC. (IMPRINT) | |
| Place of publication | Piscataway : |
| Name of publisher | Ieee Press Books, |
| Year of publication | 2014. |
| 942 ## - ADDED ENTRY ELEMENTS (KOHA) | |
| Koha item type | សៀវភៅភាសាអង់គ្លេស |
| 952 ## - LOCATION AND ITEM INFORMATION (KOHA) | |
| Withdrawn status [LOCAL, KOHA] | 0 |
| Permanent Location | Date acquired | Koha item type | Lost status | Shelving location | Barcode | Current Location | Full call number |
|---|---|---|---|---|---|---|---|
| Library Block A | 2017-12-15 | សៀវភៅភាសាអង់គ្លេស | A088 | A10358 | Library Block A | 793 LEE 2014 A088 Or. |